| 000 | 00684nam a2200205 i 4500 | ||
|---|---|---|---|
| 001 | 91287 | ||
| 003 | ES-MaACL | ||
| 005 | 20250930063106.0 | ||
| 007 | t| | ||
| 008 | 050128s1917 sp ||||1| spa d | ||
| 100 | 1 |
_aLeube, Wilhelm von, _d1842-1922 _971897 |
|
| 245 | 1 | 0 |
_aDiagnóstico especial de las enfermedades internas / _cGuillermo V. Leube ; traducido y anotado por F. de la Riva, M. González-Tánago. |
| 250 | _a2ª ed. | ||
| 260 |
_aMadrid : _bBailly-Baillière, _c1917. |
||
| 300 |
_a2 v. ; _c22 cm. |
||
| 700 | 1 |
_aRiva, F. de la. _997526 |
|
| 700 | 1 |
_aGonzález Tánago y García, Manuel. _958978 |
|
| 852 |
_aES-MaACL _jB-11224-25 |
||
| 999 |
_c91287 _d91287 |
||